|
|
|
|
| LEADER |
00000nab a22000007a 4500 |
| 003 |
cru INIE |
| 005 |
20160302122207.0 |
| 008 |
150520b1997 cr f|||| |||| 00| 0 spa d |
| 090 |
|
|
|a REVIS 06.02.01
|
| 100 |
1 |
|
|9 91
|a Sánchez Corrales, Víctor
|
| 245 |
1 |
0 |
|a Características generales del vocabulario de los preescolares costarricenses (subregión educativa de San José) /
|c Marielos Murillo Rojas, Víctor Ml Sánchez Corrales
|
| 260 |
|
|
|a San José, Costa Rica :
|b Editorial Universidad de Costa Rica,
|c 1997
|
| 300 |
|
|
|a páginas 25-32
|
| 520 |
|
|
|a Este trabajo, cuyos datos provienen de 70 niños pertenecientes a 35 centros educativos, públicos y privados, de la Subregión Educativa de San José, Costa Rica, ofrece datos objetivos sobre la competencia léxica de niños preescolares en los siguientes campos: animales, fantasía, casa-familia, alimentos, juegos, juguetes, televisión, paseos, comunidad, amigos y kinder. Todo ellos con el fin de que sea de provecho para la planificación lingüistica en preescolar y primer ciclo de educación básica costarricense.
|
| 650 |
1 |
4 |
|9 1
|a EDUCACIÓN
|
| 700 |
|
|
|9 90
|a Murillo Rojas, Marielos
|
| 773 |
0 |
|
|d San José, Costa Rica : Editorial de la Universidad de Costa Rica, 1997-
|o R0019
|t EDUCACIÓN: Revista de la Universidad de Costa Rica
|g Vol.21, no.2 (1997)
|
| 942 |
|
|
|h REVIS 06.02.01
|2 z
|c 10
|
| 999 |
|
|
|c 2578
|d 2578
|